000 00551nam a2200193 a 4500
001 000012313
005 20240412074231.0
008 091111s1978 dr 000 0 spa d
040 _aDO-SdBNP
_bspa
_cBNPHU
082 _aRD863.44
_bF316l
100 1 _aFeliz Cabrera, Publio
_928983
245 1 0 _aLidia :
_bhistoria de amor/.
250 _a3a. ed.
260 _aSanto Domingo :
_bEducativa Dominicana,
_c1978.
300 _a136 p. ;
_c21 cm.
650 0 _aNovela histórica dominicana.
_9860
650 0 _aLiteratura dominicana.
_967
049 _aBNPD
999 _c11970
_d11970